| 000 | 01587cad a22002775a 4500 | ||
|---|---|---|---|
| 001 | L140613 | ||
| 008 | 071001s2007 xxk f 000 0 eng d | ||
| 035 | _a(Sirsi) u140613 | ||
| 041 | 0 | _aeng | |
| 050 | 0 | 4 | _a333.72 $2 18 |
| 100 | 1 | _aFacer, Jo | |
| 245 | 0 | 0 |
_aCan greenery make commercial buildings more green? _h[electronic resource] |
| 260 |
_aLondon _bRICS _c2007 |
||
| 490 | 0 |
_aRICS Findings in Built and Rural Environments _vAugust 2007 |
|
| 520 | _aConsiders whether using vegetation (external landscaping and gardens, green walls and roofs, and internal planting) in commercial buildings can lead to specific environmental sustainability benefits. Looks at how using vegetation in buildings can impact on energy efficiency, the internal environment, water management, microclimate and biodiversity and summarises the building design and cost implications of greening a commercial property. Concludes that in isolation greening is not necessarily environmentally positive, but it does provide subjective benefits such as worker satisfaction and opportunities for improving urban biodiversity. | ||
| 590 | _aKA | ||
| 651 | 4 |
_aUnited Kingdom _y |
|
| 690 | _aPROPERTY-COMMERCIAL PROPERTY | ||
| 690 | _aBUILT ENVIRONMENT-SUSTAINABLE CONSTRUCTION | ||
| 700 | 1 | _aKendall, Charlie | |
| 710 | 2 |
_aRoyal Institution of Chartered Surveyors _bResearch _94902 |
|
| 710 | 2 |
_aBritish Council for Offices _93992 |
|
| 710 | 2 |
_aUniversity of Cambridge _9713 |
|
| 856 | 4 | 0 |
_uhttps://www.rics.org/site/scripts/download_info.aspx?fileID=3430 _zBroken link - not available |
| 942 | _n0 | ||
| 999 |
_c107520 _d107520 |
||